00878 2200301 4500001002100000005001500021035002000036007000300056008004100059020002200100040001700122082001400139084001600153100002400169245006900193250002300262260007100285300005500356650002500411700001400436850001200450041000800462504003300470090001900503990001800522990001800540990001800558INLIS00000000084290520181130095624 a0010-1118000352ta181126t2016 xx a g ind d a978-602-6882-03-5 aYOPDYOGbind04223a636.5 a636.5 BER s0 aBerlin Sani,d1980-1 aSukses penangkaran jalak suren /cBerlin Sani; editor, Adi Jarot aCetakan tahun 20163 a[Tempat publikasi tidak teridentifikasi] :bDafa Publishing,c2016 aviii, 128 halaman :bfoto berwarna, tabel ;c20 cm 4aJalak suren (Burung)0 aAdi Jarot aYOPDYOG0 aind aBibliografi: halaman 123-126 aPK 636.5 BER s a35551-PD/B.18 a35552-PD/B.18 a35553-PD/B.18